000 01247nam0a2200313 4500
001 RU\NLR\b_ik\139399
005 20260408190855.0
010 _a5-88451-167-1
035 _a(NLR Aleph) 002212616
090 _a3189954
_c3189954
100 _a20051219d2005 |||y0rusy50 ca
101 1 _aeng
_crus
102 _aRU
105 _aa |||||||||
200 9 _aMoscow state university: 250 years
_f[A.V. Pavlovskaya, Dr of history, Prof.
_gtransl. by Timothy Seaton]
210 _aMoscow
_cPamyatniki istoricheskoy misli
_d2005
215 _a39, [1] с.
_cцв. ил.
_d21
300 _aАвт. указан в конце текста
541 0 _aМосковский гос. университет: 250 лет
_zrus
601 0 2 _8rus
_aМГУ им. М.В. Ломоносова
_xИстория
_7ca
_3RU\NLR\AUTH\661258044
_92082033
686 4 _aЧ484(2)711.9-МГУ
700 1 _4070
_7ba
_8eng
_aPavlovskaja
_bA. V.
_f1963-
_gAnna Valentinovna
_9235402
_3RU\NLR\AUTH\770235458
712 0 2 _4570
_8eng
_aLomonosov state university
_cMoscow
_7ba
_3RU\NLR\AUTH\889931213
_9357880
801 0 _aRU
_bNLR
_c20051219
_gPSBO
942 _cBOOK
980 _aNB